| 000 | 00594nam a22002177a 4500 | ||
|---|---|---|---|
| 003 | OSt | ||
| 005 | 20220107122731.0 | ||
| 008 | 140225b xxu||||| |||| 00| 0 eng d | ||
| 020 | _a9789350237304 | ||
| 040 | _cIIITM-K | ||
| 082 | _a006.7 SNO/D | ||
| 100 |
_aSnoyman, Michael _93297 |
||
| 245 |
_aDeveloping web applications with Haskell and Yesod _cby Michael Snoyman |
||
| 260 |
_aMumbai, _bO'Reilly, _c2012. |
||
| 300 | _axii, 280p. | ||
| 650 |
_aCOMPUTER SCIENCE _93298 |
||
| 650 |
_aWEB APPLICATION _93299 |
||
| 650 |
_aWEB PROGRAMMING _93302 |
||
| 650 |
_aHTML _93300 |
||
| 942 |
_2ddc _cBK |
||
| 999 |
_c3621 _d3621 |
||